| 000 | 00949nam a22002537i 4500 | ||
|---|---|---|---|
| 999 |
_c22863 _d22863 |
||
| 003 | AR-CdUCM | ||
| 008 | 240503b19811981pe ||||| |||| 00| 0 spa d | ||
| 040 |
_aMUNICIPALIDAD PROVINCIAL DEL CUSCO _cBIBLIOTECA MUNICIPAL DEL CUSCO |
||
| 041 | _hspa | ||
| 082 |
_a301.0985 / J2 _bJ2 |
||
| 100 |
_aCastelli, Amalia _949694 |
||
| 245 | _aEtnohistoria y antropología andina / | ||
| 260 |
_aLima : _bCarlos Matta Rojas, _c1981. |
||
| 300 |
_a310 páginas. : _c21cm. |
||
| 505 | _aAyllu, parcialidad y etnia: Deslindes y aclaraciones -- La jurisdicción del ayllu, parcialidad y etnia -- El ayllu y sus fronteras sociales -- La articulación económica del ayllu | ||
| 650 |
_aEtnohistoria _92030 |
||
| 650 |
_aExpresiones simbólicas _949695 |
||
| 650 |
_aAyllu _942028 |
||
| 650 |
_aCofradías _95905 |
||
| 700 |
_aKoth de Paredes, Marcia _949696 |
||
| 700 |
_aMould de Pease, Mariana _97113 |
||
| 942 |
_2ddc _cLIBROS |
||
| 945 |
_apbj _d2024-05-03 |
||